Missing Word: Spy Movies Quiz Stats

Quiz Updated Mar 5, 2016

Challenge
Share
Tweet
Embed
Score 0/20 Timer 04:00
0 Plays Today
Movie Missing Word % Correct
_______: ImpossibleMission
99.5%
______ RoyaleCasino
94.9%
The ______ UltimatumBourne
94.7%
The Hunt For Red _______October
88%
Die _______ DayAnother
83.9%
___ KidsSpy
82.3%
Clear and _______ DangerPresent
75.6%
____ LiesTrue
68.1%
Spies ____ UsLike
67.1%
XXX: State of the ____Union
66.2%
Movie Missing Word % Correct
The Sum of All _____Fears
60.9%
Austin Powers in __________Goldmember
59.4%
Get _____Smart
57.3%
La ____ NikitaFemme
52.4%
The Long Kiss _________Goodnight
49.6%
The Spy Who Came in from the ____Cold
48.4%
Point ____Break
43.5%
In Like ____Flint
27.7%
Three Days of the ____Condor
26.3%
The Good ________Shepherd
17.4%

Today's Daily Dose

Quick Pick
Brass Quintet

On This Day
May 22nd II

You're not logged in!

Compare scores with friends on all Sporcle quizzes.
Join for Free
OR
Log In

You Might Also Like...

Show Comments

Extras

Top Quizzes Today


Score Distribution

Your Account Isn't Verified!

In order to create a playlist on Sporcle, you need to verify the email address you used during registration. Go to your Sporcle Settings to finish the process.

Report this User

Report this user for behavior that violates our Community Guidelines.

Details: